[Event "Medellin Sub zt 2.3.2"]
[Site "Medellin"]
[Date "2025.04.18"]
[Round "7"]
[White "Zapata Montoya, Andres Geronimo"]
[Black "Martinez Serna, Juan Esteban"]
[Result "1/2-1/2"]
[WhiteElo "2146"]
[BlackElo "1943"]
[PlyCount "43"]
[EventDate "2025.04.14"]
[EventType "swiss"]
[EventRounds "9"]
[EventCountry "COL"]
[SourceTitle "CB18_2025"]
[SourceDate "2025.04.30"]
[SourceVersion "1"]
[SourceVersionDate "2025.04.30"]
[SourceQuality "1"]

1. e4 c5 2. Nf3 d6 3. c3 Nf6 4. Be2 Nc6 5. d4 cxd4 6. cxd4 Nxe4 7. d5 Qa5+ 8. Nc3 Nxc3 9. bxc3 Nd8 10. 0-0 e5 11. dxe6 Nxe6 12. Nd4 a6 13. Bf3 Be7 14. Nc6 Qc7 15. Qd5 Bf6 16. Ba3 0-0 17. Qxd6 bxc6 18. Qxc7 Nxc7 19. Bxf8 Kxf8 20. Bxc6 Ra7 21. Rab1 Be6 22. a4 1/2-1/2

[Event "Medellin Sub zt 2.3.2"]
[Site "Medellin"]
[Date "2025.04.15"]
[Round "3"]
[White "Zapata Montoya, Andres Geronimo"]
[Black "Ortiz Monsalve, Sebastian"]
[Result "1-0"]
[WhiteElo "2146"]
[BlackElo "1947"]
[PlyCount "87"]
[EventDate "2025.04.14"]
[EventType "swiss"]
[EventRounds "9"]
[EventCountry "COL"]
[SourceTitle "CB18_2025"]
[SourceDate "2025.04.30"]
[SourceVersion "1"]
[SourceVersionDate "2025.04.30"]
[SourceQuality "1"]

1. e4 e6 2. d4 d5 3. Nc3 Nf6 4. Bg5 Be7 5. e5 Nfd7 6. Bxe7 Qxe7 7. f4 a6 8. Qg4 g6 9. Nf3 c5 10. h4 h5 11. Qg5 Nc6 12. 0-0-0 b5 13. Bd3 b4 14. Nb1 c4 15. Be2 a5 16. Kd2 Nb6 17. Ke3 Ba6 18. c3 Kd7 19. Rd2 Na4 20. Bd1 Nb6 21. Qg3 Rab8 22. Ng5 Bb5 23. Qh3 Rbf8 24. g4 hxg4 25. Bxg4 Nd8 26. Qg3 Kc7 27. Rdh2 Kb7 28. h5 gxh5 29. Rxh5 Qe8 30. Nh7 f5 31. Nxf8 Rxf8 32. Rh7+ Kb8 33. Bh5 Qc6 34. Qg7 Nd7 35. Qe7 Rg8 36. Be8 Kc8 37. Bxd7+ Qxd7 38. Qc5+ Qc6 39. cxb4 axb4 40. Qxb4 Rg3+ 41. Kf2 Rd3 42. Nc3 Ba6 43. Rh8 Qc7 44. R1h7 1-0

[Event "Juegos Univers 31st rap op"]
[Site "Pereira"]
[Date "2024.10.02"]
[Round "5"]
[White "Ducuara Alape, Ronaldo"]
[Black "Zapata Montoya, Andres Geronimo"]
[Result "0-1"]
[WhiteElo "1761"]
[BlackElo "2139"]
[PlyCount "65"]
[EventDate "2024.10.01"]
[EventType "swiss"]
[EventRounds "7"]
[EventCountry "COL"]
[SourceTitle "EXT 2025"]
[Source "ChessBase"]
[SourceDate "2024.10.14"]
[SourceVersion "1"]
[SourceVersionDate "2024.10.14"]
[SourceQuality "1"]

1. e4 e5 2. Nf3 Nc6 3. Bb5 a6 4. Ba4 b5 5. Bb3 Bc5 6. c3 d6 7. d4 exd4 8. cxd4 Ba7 9. 0-0 Bg4 10. Bd5 Qd7 11. Be3 Nge7 12. Nbd2 Nxd5 13. exd5 Ne7 14. Qb3 0-0 15. Bg5 f6 16. Be3 Bh5 17. Rac1 Bf7 18. Qc2 Nxd5 19. a3 Rfe8 20. Rfe1 Rac8 21. Nf1 c5 22. Qd2 c4 23. Bf4 Bb6 24. Bg3 Bg6 25. Rxe8+ Rxe8 26. Ne3 Nxe3 27. fxe3 Be4 28. Qe2 d5 29. Nd2 Bd3 30. Qf3 Qf5 31. Kf2 Qe6 32. Nb1 Be4 33. Qf4 0-1

[Event "Juegos Univers 31st blitz op"]
[Site "Pereira"]
[Date "2024.10.02"]
[Round "10"]
[White "Zapata Montoya, Andres Geronimo"]
[Black "Murillo Loreo, Oscar Miguel"]
[Result "1/2-1/2"]
[WhiteElo "2139"]
[BlackElo "1947"]
[PlyCount "47"]
[EventDate "2024.10.02"]
[EventType "swiss"]
[EventRounds "14"]
[EventCountry "COL"]
[SourceTitle "EXT 2025"]
[Source "ChessBase"]
[SourceDate "2024.10.14"]
[SourceVersion "1"]
[SourceVersionDate "2024.10.14"]
[SourceQuality "1"]

1. e4 c5 2. Nf3 e6 3. d4 cxd4 4. Nxd4 Bc5 5. Nb3 Bb6 6. Bd3 Ne7 7. 0-0 0-0 8. Nc3 f5 9. exf5 Nxf5 10. Qg4 Nc6 11. Bg5 Qe8 12. Bf4 Qf7 13. Ne4 d5 14. Ng5 Qg6 15. h4 h5 16. Qe2 Bd7 17. c3 Rae8 18. Bd6 Rf6 19. Be5 Nxe5 20. Qxe5 Qh6 21. Bxf5 Rxf5 22. Qg3 Qg6 23. Nd4 Rff8 24. Ndf3 1/2-1/2

[Event "Juegos Univers 31st blitz op"]
[Site "Pereira"]
[Date "2024.10.02"]
[Round "7"]
[White "Zapata Montoya, Andres Geronimo"]
[Black "Torres Rojas, Yuber Andres"]
[Result "1/2-1/2"]
[WhiteElo "2139"]
[BlackElo "2056"]
[PlyCount "103"]
[EventDate "2024.10.02"]
[EventType "swiss"]
[EventRounds "14"]
[EventCountry "COL"]
[SourceTitle "EXT 2025"]
[Source "ChessBase"]
[SourceDate "2024.10.14"]
[SourceVersion "1"]
[SourceVersionDate "2024.10.14"]
[SourceQuality "1"]

1. e4 e5 2. Nf3 Nc6 3. Bc4 Bc5 4. c3 d6 5. 0-0 Nf6 6. d3 h6 7. Bb3 0-0 8. Nbd2 Kh8 9. Nc4 Nh7 10. Be3 Bb6 11. Nxb6 axb6 12. d4 Qe7 13. h3 f5 14. exf5 Bxf5 15. dxe5 Nxe5 16. Nxe5 Qxe5 17. Qd4 Qe8 18. Rfe1 Qg6 19. Qh4 Rae8 20. Bd5 Be4 21. Bxe4 Rxe4 22. Qg3 Qxg3 23. fxg3 Rfe8 24. Bf2 Rxe1+ 25. Rxe1 Rxe1+ 26. Bxe1 Nf6 27. Bf2 Ne4 28. g4 Kg8 29. Be3 Kf7 30. Kf1 b5 31. Ke2 d5 32. Kd3 Ke6 33. b3 Ng3 34. Bf2 Ne4 35. Bd4 g6 36. c4 bxc4+ 37. bxc4 c6 38. cxd5+ Kxd5 39. Be3 h5 40. gxh5 gxh5 41. g4 hxg4 42. hxg4 c5 43. g5 c4+ 44. Kc2 Ke6 45. Kb2 Kf5 46. Ka3 Nxg5 47. Bxg5 Kxg5 48. Kb4 b5 49. a4 bxa4 50. Kxc4 Kf4 51. Kb4 Ke4 52. Kxa4 1/2-1/2

[Event "Juegos Univers 31st op"]
[Site "Pereira"]
[Date "2024.09.29"]
[Round "3"]
[White "Rojas Castillo, Leibnitz Edison"]
[Black "Zapata Montoya, Andres Geronimo"]
[Result "1-0"]
[WhiteElo "1951"]
[BlackElo "2139"]
[PlyCount "69"]
[EventDate "2024.09.28"]
[EventType "swiss"]
[EventRounds "7"]
[EventCountry "COL"]
[SourceTitle "EXT 2025"]
[Source "ChessBase"]
[SourceDate "2024.10.14"]
[SourceVersion "1"]
[SourceVersionDate "2024.10.14"]
[SourceQuality "1"]

1. d4 Nf6 2. Nf3 e6 3. Bg5 h6 4. Bh4 b6 5. e3 Bb7 6. Bd3 d6 7. Nbd2 Be7 8. 0-0 Nbd7 9. e4 g5 10. Bg3 Nh5 11. c4 c5 12. d5 e5 13. Ne1 Nf4 14. Be2 Bf6 15. Nc2 Nf8 16. f3 N8g6 17. Bf2 h5 18. Ne3 Bc8 19. Re1 Nxe2+ 20. Qxe2 Nf4 21. Qd1 Ke7 22. Ndf1 g4 23. fxg4 Qg8 24. Ng3 Bxg4 25. Nxg4 Qxg4 26. Nf5+ Kd7 27. Qa4+ Kd8 28. Bg3 Be7 29. Qc6 Rc8 30. Qb7 Qg5 31. Qxa7 Rg8 32. h4 Qxf5 33. Qxb6+ Ke8 34. exf5 Rxg3 35. f6 1-0

[Event "Juegos Univers 31st op"]
[Site "Pereira"]
[Date "2024.09.28"]
[Round "1"]
[White "Barrios Gonzalez, Jesus David"]
[Black "Zapata Montoya, Andres Geronimo"]
[Result "0-1"]
[WhiteElo "1802"]
[BlackElo "2139"]
[PlyCount "74"]
[EventDate "2024.09.28"]
[EventType "swiss"]
[EventRounds "7"]
[EventCountry "COL"]
[SourceTitle "EXT 2025"]
[Source "ChessBase"]
[SourceDate "2024.10.14"]
[SourceVersion "1"]
[SourceVersionDate "2024.10.14"]
[SourceQuality "1"]

1. d4 Nf6 2. c4 e6 3. Nc3 Bb4 4. e3 0-0 5. Nge2 d5 6. a3 Be7 7. c5 b6 8. b4 a5 9. Bb2 bxc5 10. bxc5 Ba6 11. Nf4 Bxf1 12. Kxf1 c6 13. Na4 Nbd7 14. g3 Qc7 15. Nd3 Rfb8 16. f3 Qb7 17. Nc3 Qa6 18. Kg2 e5 19. Rb1 e4 20. fxe4 Nxe4 21. Nxe4 dxe4 22. Nf4 Nf6 23. h4 Qc4 24. Ba1 Qa2+ 25. Kh3 Qxa3 26. Qd2 Rb3 27. Rxb3 Qxb3 28. Rh2 Bd8 29. Qc1 Qb7 30. Rd2 Bc7 31. Qd1 Bxf4 32. gxf4 Qd7+ 33. Kg3 Nd5 34. Qg1 Rb8 35. Ra2 Rb3 36. Rxa5 h5 37. Ra8+ Kh7 0-1

[Event "Pereira op"]
[Site "Pereira"]
[Date "2024.07.19"]
[Round "6"]
[White "Zapata Montoya, Andres Geronimo"]
[Black "Londono Lopez, Donaldo Eliuver"]
[Result "0-1"]
[WhiteElo "2143"]
[BlackElo "2108"]
[PlyCount "50"]
[EventDate "2024.07.17"]
[EventType "swiss"]
[EventRounds "10"]
[EventCountry "COL"]
[SourceTitle "EXT 2025"]
[Source "ChessBase"]
[SourceDate "2024.10.14"]
[SourceVersion "1"]
[SourceVersionDate "2024.10.14"]
[SourceQuality "1"]

1. e4 c5 2. Nf3 d6 3. d4 cxd4 4. Nxd4 Nf6 5. Nc3 a6 6. Be3 e6 7. f3 b5 8. Qd2 Bb7 9. a3 Nbd7 10. g4 Nb6 11. 0-0-0 Nfd7 12. Qf2 Rc8 13. Nb3 Rxc3 14. bxc3 Qc7 15. Bxb6 Nxb6 16. Qd4 e5 17. Qe3 d5 18. Kd2 dxe4 19. fxe4 Bxa3 20. Ke1 0-0 21. h4 Na4 22. Rh3 Rc8 23. Rd3 Nb2 24. Rd2 Nc4 25. Bxc4 bxc4 0-1

[Event "American Continental 18th"]
[Site "Medellin"]
[Date "2024.05.29"]
[Round "8"]
[White "Zapata Montoya, Andres Geronimo"]
[Black "Guarin Fonseca, Nobel Alfredo"]
[Result "1/2-1/2"]
[WhiteElo "2140"]
[BlackElo "1849"]
[PlyCount "95"]
[EventDate "2024.05.24"]
[EventType "swiss"]
[EventRounds "11"]
[EventCountry "COL"]
[SourceTitle "CBM 220 Extra"]
[Source "ChessBase"]
[SourceDate "2024.07.31"]
[SourceVersion "1"]
[SourceVersionDate "2024.07.31"]
[SourceQuality "1"]

1. e4 c6 2. d4 d5 3. exd5 cxd5 4. Bd3 Nc6 5. c3 g6 6. Qc2 e5 7. dxe5 Nxe5 8. Bb5+ Bd7 9. Bxd7+ Qxd7 10. Bf4 Nc6 11. Nf3 Bg7 12. 0-0 Nge7 13. Na3 0-0 14. Rad1 a6 15. Qd2 Rfd8 16. Nc4 Nc8 17. Rfe1 b5 18. Nce5 Nxe5 19. Nxe5 Qb7 20. Bh6 Bh8 21. Ng4 Qc6 22. Qf4 f6 23. h4 Ra7 24. Re3 Re7 25. Red3 f5 26. Ne3 Re4 27. Qf3 Nb6 28. g3 Bf6 29. h5 Be7 30. Kg2 Bc5 31. hxg6 hxg6 32. b3 Rd7 33. Bf4 Qe6 34. Rh1 Qf6 35. Rh6 Bf8 36. Qh5 Bxh6 37. Qxh6 Rh7 38. Qg5 Qxg5 39. Bxg5 Rd7 40. Bf6 Re6 41. Bd4 Nc8 42. Rd1 Nd6 43. Nxd5 Ne4 44. Nf4 Rc6 45. Rh1 Rh7 46. Re1 Rd7 47. Rh1 Rh7 48. Re1 1/2-1/2

[Event "American Continental 18th"]
[Site "Medellin"]
[Date "2024.05.28"]
[Round "7"]
[White "Hernandez Jimenez, Xavi"]
[Black "Zapata Montoya, Andres Geronimo"]
[Result "1/2-1/2"]
[WhiteElo "1907"]
[BlackElo "2140"]
[PlyCount "176"]
[EventDate "2024.05.24"]
[EventType "swiss"]
[EventRounds "11"]
[EventCountry "COL"]
[SourceTitle "CBM 220 Extra"]
[Source "ChessBase"]
[SourceDate "2024.07.31"]
[SourceVersion "1"]
[SourceVersionDate "2024.07.31"]
[SourceQuality "1"]

1. e4 c5 2. Nf3 d6 3. d4 cxd4 4. Nxd4 Nf6 5. Nc3 a6 6. f3 e5 7. Nb3 Be6 8. Be3 Be7 9. Qd2 h5 10. Nd5 Nxd5 11. exd5 Bf5 12. 0-0-0 Nd7 13. g3 Rc8 14. Bd3 Bxd3 15. Qxd3 b5 16. Kb1 Qc7 17. Nd2 a5 18. Rc1 Qb7 19. c4 b4 20. Rhd1 0-0 21. g4 h4 22. Ne4 Nf6 23. Nxf6+ Bxf6 24. g5 Bd8 25. f4 exf4 26. Bxf4 Qd7 27. Re1 Bb6 28. Re4 Rfe8 29. Rce1 Bc5 30. g6 fxg6 31. Re6 Qf7 32. Bg5 Rxe6 33. Rxe6 Re8 34. Rxe8+ Qxe8 35. Bxh4 a4 36. Kc2 Kh7 37. Bg3 a3 38. bxa3 bxa3 39. Kd1 Qe7 40. Be1 Qd7 41. Qe4 Qf5 42. Qh4+ Kg8 43. Qd8+ Kf7 44. Qc7+ Kf6 45. Bc3+ Kg5 46. Qe7+ Kh5 47. Bd2 Qf1+ 48. Qe1 Qxc4 49. Qe6 Qg4+ 50. Kc2 Qf5+ 51. Kb3 Qd3+ 52. Bc3 Qb1+ 53. Kc4 Qxa2+ 54. Kd3 Qb1+ 55. Kc4 Qf5 56. Bxg7 Qf4+ 57. Kd3 Qf1+ 58. Kc2 a2 59. h3 Qb1+ 60. Kd2 Bb4+ 61. Ke2 Qe1+ 62. Kd3 Qf1+ 63. Kc2 Qf5+ 64. Kb3 Bc5 65. Kxa2 Kh4 66. Kb3 Kxh3 67. Kc4 Kg4 68. Qe2+ Kg5 69. Qe7+ Kh5 70. Qe6 Qf1+ 71. Kb3 Qd1+ 72. Ka2 Qa4+ 73. Kb1 Qb3+ 74. Ka1 Qd1+ 75. Ka2 Qd2+ 76. Kb1 Qd3+ 77. Ka2 g5 78. Qh6+ Kg4 79. Qe6+ Qf5 80. Bc3 Qxe6 81. dxe6 d5 82. Bf6 Kf5 83. e7 Bxe7 84. Bxe7 g4 85. Bd6 Ke4 86. Kb2 Kd3 87. Kc1 Ke2 88. Be5 d4 1/2-1/2

[Event "American Continental 18th"]
[Site "Medellin"]
[Date "2024.05.24"]
[Round "1"]
[White "Moreno Mora, Milaydes Lourdes"]
[Black "Zapata Montoya, Andres Geronimo"]
[Result "0-1"]
[WhiteElo "1746"]
[BlackElo "2140"]
[PlyCount "46"]
[EventDate "2024.05.24"]
[EventType "swiss"]
[EventRounds "11"]
[EventCountry "COL"]
[SourceTitle "CBM 220 Extra"]
[Source "ChessBase"]
[SourceDate "2024.07.31"]
[SourceVersion "1"]
[SourceVersionDate "2024.07.31"]
[SourceQuality "1"]

1. e4 c5 2. Nf3 d6 3. d4 cxd4 4. Nxd4 Nf6 5. Nc3 a6 6. Be2 e5 7. Nb3 Be7 8. 0-0 Be6 9. Re1 0-0 10. Be3 b5 11. a3 Nbd7 12. Bf3 Rc8 13. Re2 Nb6 14. Bxb6 Qxb6 15. Rd2 Rc7 16. Nc1 Rfc8 17. N1e2 Ne8 18. Rc1 Bg5 19. Rb1 Bxd2 20. Qxd2 Nf6 21. Ng3 b4 22. axb4 Qxb4 23. h3 Rxc3 0-1